Insurance and risk management. (Record no. 161663)
[ view plain ]
| 000 -LEADER | |
|---|---|
| fixed length control field | 00515nam a2200205Ia 4500 |
| 003 - CONTROL NUMBER IDENTIFIER | |
| control field | OSt |
| 005 - DATE AND TIME OF LATEST TRANSACTION | |
| control field | 20250424192831.0 |
| 008 - FIXED-LENGTH DATA ELEMENTS--GENERAL INFORMATION | |
| fixed length control field | 210423s2012 xx 000 0 und d |
| 020 ## - INTERNATIONAL STANDARD BOOK NUMBER | |
| International Standard Book Number | 9789350516676 |
| 040 ## - CATALOGING SOURCE | |
| Transcribing agency | AL |
| 041 ## - LANGUAGE CODE | |
| Language code of text/sound track or separate title | eng |
| 082 ## - DEWEY DECIMAL CLASSIFICATION NUMBER | |
| Classification number | 368 GUPI |
| Edition number | 23 |
| 100 ## - MAIN ENTRY--PERSONAL NAME | |
| Personal name | GUPTA (P K). |
| 9 (RLIN) | 92786 |
| 245 ## - TITLE STATEMENT | |
| Title | Insurance and risk management. |
| 260 ## - PUBLICATION, DISTRIBUTION, ETC. | |
| Place of publication, distribution, etc. | New Delhi |
| Name of publisher, distributor, etc. | Himalaya Publishing House |
| Date of publication, distribution, etc. | 2012 |
| 300 ## - PHYSICAL DESCRIPTION | |
| Extent | 849 |
| Other physical details | PB |
| 365 ## - TRADE PRICE | |
| Price amount | 540 |
| Currency code | INR |
| 906 ## - LOCAL DATA ELEMENT F, LDF (RLIN) | |
| a | Insurance ; management. ; risk |
| 942 ## - ADDED ENTRY ELEMENTS (KOHA) | |
| Source of classification or shelving scheme | Dewey Decimal Classification |
| Koha item type | Book |
| Withdrawn status | Lost status | Damaged status | Not for loan | Collection code | Home library | Current library | Date acquired | Source of acquisition | Cost, normal purchase price | Total Checkouts | Full call number | Barcode | Date last seen | Price effective from | Koha item type | Source of classification or shelving scheme | Date last checked out |
|---|---|---|---|---|---|---|---|---|---|---|---|---|---|---|---|---|---|
| Economics | St Aloysius PG Library | St Aloysius PG Library | 10/28/2013 | Higginbothams Pvt Ltd | 540.00 | 368 GUPP | PG008155 | 08/24/2022 | 04/26/2021 | Book | |||||||
| Economics | St Aloysius PG Library | St Aloysius PG Library | 10/28/2013 | Higginbothams Pvt Ltd | 540.00 | 368 GUPP | PG008156 | 08/24/2022 | 04/26/2021 | Book | |||||||
| Economics | St Aloysius PG Library | St Aloysius PG Library | 10/28/2013 | Higginbothams Pvt Ltd | 540.00 | 368 GUPI | PG008157 | 08/24/2022 | 04/26/2021 | Book | Dewey Decimal Classification | ||||||
| Economics | St Aloysius PG Library | St Aloysius PG Library | 10/28/2013 | Higginbothams Pvt Ltd | 540.00 | 1 | 368 GUPP | PG008158 | 03/01/2024 | 04/26/2021 | Book | 02/23/2024 | |||||
| Economics | St Aloysius PG Library | St Aloysius PG Library | 10/28/2013 | Higginbothams Pvt Ltd | 540.00 | 368 GUPP | PG008159 | 08/24/2022 | 04/26/2021 | Book |